| 000 | 01659cas a2200469 a 4500 | ||
|---|---|---|---|
| 001 | 14764934 | ||
| 003 | OSt | ||
| 005 | 20150727124037.0 | ||
| 008 | 070312c20079999xxuar 0 0eng | ||
| 010 | _a 2007210571 | ||
| 035 | _a(OCoLC)ocn150554421 | ||
| 040 | _aSEKU | ||
| 042 | _apcc | ||
| 043 | _an-us--- | ||
| 050 | 0 | 0 |
_aKF 386 _b.B3 |
| 245 | 0 | 0 | _aMultistate Subjects outline materials. |
| 246 | 3 | 0 | _aMultistate subjects |
| 246 | 3 | 0 | _aCalifornia subjects |
| 246 | 1 | 3 |
_aBar passers bar review. _pMultistate subjects |
| 246 | 1 | 3 |
_aBar passers bar review. _pCalifornia subjects |
| 260 |
_aUnited States : _bBarPassers Review |
||
| 300 |
_av. : _bill. ; _c26 cm. |
||
| 310 | _aAnnual | ||
| 362 | 1 | _aBegan with 2007. | |
| 515 | _aIssues for <2012-> lack numerical and chronological designations. | ||
| 515 | _aIn 2 vols., v. 1: Multistate subjects; and v. 2: California subjects. | ||
| 588 | _aDescription based on: 2007; title from t.p. | ||
| 588 | _aLatest issue consulted: 2012. | ||
| 650 | 0 |
_aLaw _zUnited States _vOutlines, syllabi, etc. |
|
| 650 | 0 |
_aBar examinations _zUnited States _vStudy guides. |
|
| 650 | 0 |
_aLaw _zCalifornia _vOutlines, syllabi, etc. |
|
| 650 | 0 |
_aBar examinations _zCalifornia _vStudy guides. |
|
| 650 | 7 |
_aBar examinations. _2fast _0(OCoLC)fst00827374 |
|
| 650 | 7 |
_aLaw. _2fast _0(OCoLC)fst00993678 |
|
| 651 | 7 |
_aCalifornia. _2fast _0(OCoLC)fst01204928 |
|
| 651 | 7 |
_aUnited States. _2fast _0(OCoLC)fst01204155 |
|
| 655 | 7 |
_aOutlines and syllabi. _2fast _0(OCoLC)fst01423836 |
|
| 655 | 7 |
_aStudy guides. _2fast _0(OCoLC)fst01423888 |
|
| 710 | 2 | _aBarPassers Bar Review. | |
| 942 |
_2lcc _cGEN |
||
| 999 |
_c7249 _d7249 |
||